000 00560nam a22001817a 4500
003 OSt
005 20181001061532.0
008 180312b xxu||||| |||| 00| 0 spa d
020 _a8425909511
040 _cPJ
100 _aSoper, Philip
245 1 0 _aUna teoría del derecho /
_cPhilip Soper; traducción de Ricardo Caracciolo; con la colaboración de Silvia Vera.
300 _a240 p.;
490 _aEl Derecho y la Justicia
_v36
650 _aDERECHO EN GENERAL
_9209
650 _aTEORIA GENERAL DEL DERECHO
_9214
942 _2udc
_cLIB
_h340.11
_iSOP
999 _c90
_d90